00185nam a22000857a 4500082000800000100002000008245003200028260003100060300000800091 aINA aInaam Ur Rehman aAorat jaraim ki daldal main aLahorebSingmail pubc1988 a317